[Event "Russian Championship G11 2016"]
[Site "Loo"]
[Date "2016.04.20"]
[Round "1.8"]
[White "Vlasova, Olesia"]
[Black "Pakhomova, Tatyana"]
[Result "1-0"]
[WhiteElo "1155"]
[BlackElo "1508"]
[PlyCount "105"]
[EventDate "2016.04.20"]

1. e4 e5 2. Nf3 Nc6 3. Bb5 a6 4. Bxc6 dxc6 5. O-O Bg4 6. h3 h5 7. d3 Qf6 8.
Nbd2 Ne7 9. Nc4 Ng6 10. hxg4 Nh4 11. g5 Nxf3+ 12. Qxf3 Qxf3 13. gxf3 f6 14. f4
exf4 15. Bxf4 O-O-O 16. Rad1 Be7 17. g6 b5 18. Na5 c5 19. Nc6 Rd7 20. Nxe7+
Rxe7 21. Rfe1 Rf8 22. Re3 f5 23. Bg5 Re6 24. exf5 Rxe3 25. Bxe3 Rxf5 26. Re1
Rf6 27. Bxc5 Rxg6+ 28. Kh2 Rc6 29. d4 Rf6 30. Kg3 Rg6+ 31. Kh4 Rg2 32. d5 g6
33. Re8+ Kb7 34. Re1 Rg4+ 35. Kh3 Rc4 36. Ba3 Rxc2 37. f4 Rc4 38. d6 b4 39. d7
Rd4 40. Bxb4 Rxd7 41. Bc3 Rd3+ 42. Kh4 Rf3 43. Be5 Rf2 44. Rg1 Rh2+ 45. Kg5 h4
46. Kxg6 h3 47. Kh5 Rg2 48. Rxg2 hxg2 49. Bd4 Kc6 50. f5 Kd5 51. Bg1 Kd6 52.
Kg6 Ke7 53. Kg7 1-0

[Event "Russian Championship G11 2016"]
[Site "Loo"]
[Date "2016.04.20"]
[Round "1.9"]
[White "Zavivaeva, Emilia"]
[Black "Poliato, Irina"]
[Result "0-1"]
[WhiteElo "1497"]
[BlackElo "1140"]
[PlyCount "78"]
[EventDate "2016.04.20"]

1. e4 c6 2. d4 d5 3. exd5 cxd5 4. Bd3 Nc6 5. c3 Qc7 6. h3 Nf6 7. Qf3 Nxd4 8.
Qd1 Nc6 9. Nf3 e5 10. Bb5 a6 11. Ba4 Be7 12. O-O O-O 13. Re1 e4 14. Nd4 Bd7 15.
Bb3 Ne5 16. Bf4 Bd6 17. Bg5 Nc4 18. Bxc4 Qxc4 19. Bxf6 gxf6 20. Qh5 Be5 21. Nd2
Qc7 22. Nf1 Kh8 23. Ne3 Be6 24. Ndf5 Rg8 25. Qe2 Bxf5 26. Nxf5 Qd7 27. Nh6 Rg6
28. Ng4 Rag8 29. g3 h5 30. Nxe5 fxe5 31. Qxh5+ Kg7 32. Qxe5+ f6 33. Qf4 Qxh3
34. Qc7+ Kh8 35. Qf4 Rh6 36. f3 Rxg3+ 37. Kf2 Rxf3+ 38. Qxf3 Qxf3+ 39. Kg1 Rh1#
0-1

[Event "Russian Championship G11 2016"]
[Site "Loo"]
[Date "2016.04.20"]
[Round "1.10"]
[White "Maikovets, Yana"]
[Black "Novozhilova, Polina"]
[Result "0-1"]
[WhiteElo "1099"]
[BlackElo "1494"]
[PlyCount "90"]
[EventDate "2016.04.20"]

1. d4 d5 2. c4 e6 3. Nf3 a6 4. Nc3 dxc4 5. e3 b5 6. a4 c6 7. Nd2 Bb7 8. Nde4
Be7 9. Be2 Nd7 10. O-O Ngf6 11. f4 O-O 12. Ng3 c5 13. dxc5 Bxc5 14. Bf3 Bxf3
15. Rxf3 Qb6 16. Kh1 Rfd8 17. Qe2 e5 18. Bd2 exf4 19. exf4 Re8 20. Qd1 Ng4 21.
Be1 Rad8 22. Nd5 Qe6 23. Nc7 Qxe1+ 24. Qxe1 Rxe1+ 25. Rxe1 Nf2+ 26. Rxf2 Bxf2
27. Re8+ Rxe8 28. Nxe8 bxa4 29. Nd6 Nb6 30. Nge4 Bd4 31. Nd2 Bxb2 32. N2xc4
Nxc4 33. Nxc4 a3 34. Nxa3 Bxa3 35. Kg1 a5 36. Kf1 a4 37. Ke2 Bb2 38. Kd1 a3 39.
Kc2 Kf8 40. Kb3 Ke7 41. Kc2 Kd6 42. Kb3 Kd5 43. g3 Kd4 44. Kc2 Kc4 45. Kb1 Kb3
0-1

[Event "Russian Championship G13 1st league 2016"]
[Site "Loo"]
[Date "2016.04.20"]
[Round "1.1"]
[White "Shestakova, Ekaterina"]
[Black "Breus, Anastasia"]
[Result "1-0"]
[WhiteElo "1740"]
[BlackElo "1403"]
[PlyCount "77"]
[EventDate "2016.04.20"]

1. e4 e5 2. Nf3 Nc6 3. d4 exd4 4. Nxd4 Nf6 5. Nxc6 bxc6 6. Nc3 Bb4 7. Bd3 h6 8.
O-O O-O 9. Bd2 Re8 10. Re1 Bb7 11. a3 Ba5 12. b4 Bb6 13. Na4 Bd4 14. c3 Bb6 15.
e5 Nh7 16. Qg4 Kh8 17. Nxb6 cxb6 18. Qf5 Nf8 19. Qxf7 Qe7 20. Qh5 Qe6 21. c4
Nh7 22. f4 Rf8 23. f5 Qf7 24. Qh4 Rae8 25. Bc3 Ba6 26. Rf1 Kg8 27. f6 Ng5 28.
b5 Bb7 29. Qg4 Qe6 30. Bf5 Qf7 31. h4 Nh7 32. Bxd7 Rd8 33. e6 Qxd7 34. exd7
Nxf6 35. Bxf6 Rxf6 36. Rxf6 Rxd7 37. Qxd7 gxf6 38. Re1 Bc8 39. Re8# 1-0

[Event "Russian Championship G13 1st league 2016"]
[Site "Loo"]
[Date "2016.04.20"]
[Round "1.2"]
[White "Khannanova, Lina"]
[Black "Pogorelskikh, Sofia"]
[Result "0-1"]
[WhiteElo "1400"]
[BlackElo "1686"]
[PlyCount "126"]
[EventDate "2016.04.20"]

1. c4 c5 2. Nc3 Nc6 3. e4 g6 4. g3 Bg7 5. Bg2 e6 6. Nge2 Nge7 7. O-O O-O 8. d3
d6 9. f4 Rb8 10. Be3 Nd4 11. Qd2 a6 12. g4 f5 13. h3 b5 14. Ng3 b4 15. Nce2 a5
16. Rfc1 b3 17. a3 Nc2 18. Rab1 Nxe3 19. Qxe3 Qb6 20. Kh2 Bd7 21. Qf3 Qd8 22.
h4 a4 23. g5 Bc6 24. h5 Kf7 25. Qe3 Bd7 26. d4 cxd4 27. Nxd4 Qb6 28. e5 Nc6 29.
Bxc6 Bxc6 30. Re1 dxe5 31. fxe5 Rfd8 32. Nxc6 Qxc6 33. Rbc1 Bf8 34. Rf1 Bc5 35.
Qe4 Qc7 36. Rce1 Rd4 37. Qe2 Rbd8 38. Rd1 Rxd1 39. Rxd1 Rxd1 40. Qxd1 Qxe5 41.
hxg6+ hxg6 42. Qd2 Bd6 43. Qf2 Qxg3+ 44. Qxg3 Ke7 45. c5 Bxg3+ 46. Kxg3 e5 47.
Kf3 Kd7 48. Ke3 Kc6 49. Ke2 Kxc5 50. Kd3 e4+ 51. Kc3 f4 52. Kd2 Kd4 53. Ke2 f3+
54. Kf2 Kd3 55. Kg3 Ke2 56. Kf4 e3 57. Ke5 f2 58. Kf6 f1=Q+ 59. Kxg6 Kd3 60.
Kh7 e2 61. g6 e1=Q 62. g7 Qg3 63. g8=Q Qfh3# 0-1

[Event "Russian Championship G13 1st league 2016"]
[Site "Loo"]
[Date "2016.04.20"]
[Round "1.3"]
[White "Safronova, Aleksandra"]
[Black "Kudrevatykh, Anastasia"]
[Result "1/2-1/2"]
[WhiteElo "1686"]
[BlackElo "1396"]
[PlyCount "85"]
[EventDate "2016.04.20"]

1. e4 c5 2. Nf3 d6 3. c3 Nf6 4. h3 Bd7 5. Bd3 g6 6. Bc2 Bc6 7. Qe2 Bg7 8. d4
O-O 9. O-O cxd4 10. cxd4 Qb6 11. Nc3 Bd7 12. Bb3 a5 13. Be3 a4 14. Bc4 a3 15.
b3 Qb4 16. Rac1 e5 17. dxe5 dxe5 18. Nxe5 Nxe4 19. Nxe4 Bxe5 20. Bc5 Qa5 21.
Bxf8 Kxf8 22. Qf3 f5 23. Rfd1 Kg7 24. Nd6 Bc6 25. Qe3 f4 26. Qd2 Qb6 27. Nf7
Nd7 28. Nxe5 Nxe5 29. Qd4 Qc7 30. Qd6 Qxd6 31. Rxd6 Rf8 32. Rc2 Rf5 33. Bd5
Bxd5 34. Rxd5 Nf3+ 35. gxf3 Rxd5 36. Rc7+ Kh6 37. Rxb7 Rd2 38. Rb4 g5 39. h4
gxh4 40. Rxf4 Rxa2 41. Rxh4+ Kg6 42. Ra4 Ra1+ 43. Kg2 1/2-1/2

[Event "Russian Championship G13 1st league 2016"]
[Site "Loo"]
[Date "2016.04.20"]
[Round "1.4"]
[White "Timofeeva, Juliya"]
[Black "Karelina, Viktoriya"]
[Result "0-1"]
[WhiteElo "1393"]
[BlackElo "1673"]
[PlyCount "80"]
[EventDate "2016.04.20"]

1. e4 c6 2. d4 d5 3. exd5 cxd5 4. Nf3 Bg4 5. Bb5+ Nd7 6. Nc3 e6 7. h3 Bxf3 8.
Qxf3 a6 9. Bd3 Ngf6 10. O-O Bd6 11. Re1 O-O 12. Bg5 Qb6 13. Ne2 h6 14. Bh4 Qxb2
15. Reb1 Qa3 16. Rxb7 Rfb8 17. Rb3 Rxb3 18. cxb3 Qb2 19. Rc1 Qxa2 20. Rc2 Qa5
21. Ng3 Bf8 22. Rc1 g5 23. Bxg5 hxg5 24. Nh5 Qd8 25. Qe2 Nxh5 26. Qxh5 Bg7 27.
Qe2 a5 28. Ra1 Bxd4 29. Ra4 Bg7 30. Qa2 Nc5 31. Rg4 Nxd3 32. Qd2 Nc5 33. Qe3 d4
34. Qc1 d3 35. Rc4 d2 36. Qd1 Nxb3 37. Rc2 a4 38. Kf1 a3 39. Ra2 Qd3+ 40. Kg1
Bb2 0-1

[Event "Russian Championship G13 1st league 2016"]
[Site "Loo"]
[Date "2016.04.20"]
[Round "1.5"]
[White "Larina, Tatiana"]
[Black "Moskaleva, Arina"]
[Result "1-0"]
[WhiteElo "1666"]
[BlackElo "1392"]
[PlyCount "103"]
[EventDate "2016.04.20"]

1. e4 c5 2. Nf3 d6 3. d4 cxd4 4. Nxd4 Nf6 5. Nc3 a6 6. Be3 e6 7. f4 Nbd7 8. Qf3
Qc7 9. O-O-O b5 10. g4 Nc5 11. g5 b4 12. Nd5 Nxd5 13. exd5 Bb7 14. Bc4 Rc8 15.
Rhe1 Be7 16. f5 exd5 17. Bxd5 Bxd5 18. Qxd5 Qa5 19. Kb1 O-O 20. Nc6 Qc7 21.
Nxe7+ Qxe7 22. Bxc5 Qc7 23. Bxb4 Qxc2+ 24. Ka1 Rb8 25. Rc1 Qxh2 26. Qxd6 Qf2
27. Qxf8+ Rxf8 28. Bxf8 f6 29. Be7 Qxf5 30. gxf6 gxf6 31. Rf1 Qe6 32. Bxf6 h5
33. Rce1 Qc6 34. Bc3 h4 35. Rh1 Qc4 36. Re8+ Kh7 37. Rh8+ Kg6 38. R8xh4 Qb5 39.
Rg1+ Kf7 40. Rh7+ Ke6 41. Rg6+ Kf5 42. Rh5+ Kxg6 43. Rxb5 axb5 44. Kb1 Kf5 45.
Kc2 Ke6 46. Kb3 Kd5 47. Kb4 Kc6 48. Bd4 Kd5 49. Kxb5 Kxd4 50. a4 Kd5 51. a5 Kd6
52. Kb6 1-0

[Event "Russian Championship G13 1st league 2016"]
[Site "Loo"]
[Date "2016.04.20"]
[Round "1.6"]
[White "Vityugova, Yaroslava"]
[Black "Korobitsyna, Olesya"]
[Result "0-1"]
[WhiteElo "1386"]
[BlackElo "1607"]
[PlyCount "74"]
[EventDate "2016.04.20"]

1. e4 g6 2. d4 Bg7 3. Nf3 d6 4. Bc4 Nf6 5. e5 dxe5 6. Nxe5 O-O 7. O-O Bf5 8. c3
Nbd7 9. Nxd7 Qxd7 10. Nd2 Nd5 11. Nf3 c6 12. Re1 b5 13. Bd3 Rad8 14. Bg5 Nf6
15. Ne5 Qb7 16. Qf3 Nd5 17. h4 f6 18. g4 Be6 19. Nxg6 hxg6 20. Rxe6 fxg5 21.
Qe4 Rf4 22. Qxg6 Rxg4+ 23. Kf1 Rf8 24. Bc2 Rxh4 25. Kg1 Nf4 26. Qe4 Nxe6 27.
Qxe6+ Kh8 28. Be4 Qc7 29. Bg2 Qf4 30. Qe2 g4 31. Re1 Qh2+ 32. Kf1 Rh3 33. Qxg4
Rg3 34. Qe4 Rg5 35. Qxc6 Qf4 36. Re2 Qc1+ 37. Re1 Qxb2 0-1

[Event "Russian Championship G13 1st league 2016"]
[Site "Loo"]
[Date "2016.04.20"]
[Round "1.7"]
[White "Tinina, Kristina"]
[Black "Makarova, Anastasiya"]
[Result "1-0"]
[WhiteElo "1595"]
[BlackElo "1385"]
[PlyCount "97"]
[EventDate "2016.04.20"]

1. e4 c5 2. Nf3 e6 3. d4 cxd4 4. Nxd4 a6 5. Nc3 Qc7 6. Be3 Nf6 7. f3 b5 8. Qd2
Bb7 9. g4 d6 10. g5 Nfd7 11. Rg1 Nb6 12. h4 N8d7 13. Qf2 Nc4 14. Bxc4 Qxc4 15.
Qd2 Rc8 16. O-O-O Be7 17. h5 Ne5 18. Kb1 Nc6 19. Nxc6 Rxc6 20. g6 f6 21. gxh7
Rxh7 22. Rc1 Bf8 23. Qg2 Ke7 24. Qg6 Rh8 25. Rg4 Rc8 26. e5 Qc7 27. h6 gxh6 28.
Qxf6+ Ke8 29. Qxh8 Kd7 30. Qh7+ Kc6 31. Qxc7+ Kxc7 32. exd6+ Kxd6 33. Rh4 Bxf3
34. Bxh6 Be7 35. Rd4+ Bd5 36. Nxd5 exd5 37. Rcd1 Rc4 38. Rxd5+ Ke6 39. a3 Rh4
40. Bg7 Rg4 41. Bc3 Re4 42. Rh5 Bf6 43. Bxf6 Kxf6 44. Rh6+ Ke7 45. Rxa6 Re5 46.
Rh1 Rf5 47. Rh7+ Rf7 48. Ra7+ Ke6 49. Rhxf7 1-0

[Event "Russian Championship G13 1st league 2016"]
[Site "Loo"]
[Date "2016.04.20"]
[Round "1.8"]
[White "Sharikova, Arina"]
[Black "Zhurova, Anna"]
[Result "1/2-1/2"]
[WhiteElo "1381"]
[BlackElo "1595"]
[PlyCount "52"]
[EventDate "2016.04.20"]

1. e4 c5 2. Nc3 d6 3. Bb5+ Nd7 4. f4 a6 5. Bxd7+ Bxd7 6. Nf3 g6 7. O-O Bg7 8.
d3 e6 9. Qe1 Ne7 10. Qh4 Nc6 11. Qg3 Nd4 12. Nxd4 Bxd4+ 13. Kh1 Bf6 14. f5 Be5
15. Bf4 Bxf4 16. Qxf4 e5 17. Qh6 Rf8 18. fxg6 hxg6 19. Nd5 Bc6 20. Nf6+ Ke7 21.
Qg5 Ke6 22. Qg4+ Ke7 23. Qg5 Ke6 24. Qg4+ Ke7 25. Qg5 Ke6 26. Qg4+ Ke7 1/2-1/2

[Event "Russian Championship G13 1st league 2016"]
[Site "Loo"]
[Date "2016.04.20"]
[Round "1.9"]
[White "Tletseri, Julietta"]
[Black "Targyn, Belek"]
[Result "1-0"]
[WhiteElo "1546"]
[BlackElo "1380"]
[PlyCount "87"]
[EventDate "2016.04.20"]

1. e4 d5 2. exd5 Qxd5 3. Nc3 Qa5 4. d4 Nf6 5. Nf3 Bg4 6. Bc4 e6 7. Bd2 Bb4 8.
a3 Bxc3 9. Bxc3 Qb6 10. h3 Bh5 11. Qe2 Bxf3 12. gxf3 O-O 13. O-O-O Nc6 14. Rhg1
g6 15. d5 exd5 16. Bxd5 Nxd5 17. Rxd5 Rfe8 18. Qd2 Re6 19. h4 Rae8 20. h5 Qa6
21. Qh6 Ne5 22. f4 g5 23. Rxg5+ Rg6 24. hxg6 fxg6 25. fxe5 Qf1+ 26. Rd1 Qxf2
27. e6 Qf4+ 28. Kb1 Qf8 29. Qxf8+ Rxf8 30. e7 Re8 31. Rd8 Kf7 32. Rxe8 Kxe8 33.
Bf6 Kf7 34. Re5 Ke8 35. Rd5 h5 36. Rd8+ Kf7 37. Bg5 Ke6 38. e8=Q+ Kf5 39. Rd5+
Kg4 40. Qe4+ Kg3 41. Rd3+ Kf2 42. Qf3+ Kg1 43. Rd2 c6 44. Qg2# 1-0

[Event "Russian Championship G13 1st league 2016"]
[Site "Loo"]
[Date "2016.04.20"]
[Round "1.10"]
[White "Frolova, Lada"]
[Black "Zavgorodneva, Ekaterina"]
[Result "0-1"]
[WhiteElo "1378"]
[BlackElo "1531"]
[PlyCount "54"]
[EventDate "2016.04.20"]

1. e4 c5 2. c3 d6 3. d4 cxd4 4. cxd4 Nf6 5. Nc3 e6 6. Nf3 Be7 7. Bd3 O-O 8. O-O
Nc6 9. a3 a6 10. h3 b5 11. b4 Bb7 12. Be3 Rc8 13. Rc1 Nd7 14. d5 Nce5 15. dxe6
fxe6 16. Be2 Nxf3+ 17. Bxf3 Ne5 18. Be2 Qd7 19. Bd4 Nc4 20. Bxc4 Rxc4 21. Re1
Qc6 22. Qg4 Rf7 23. Ne2 e5 24. Be3 Qxe4 25. Qxe4 Bxe4 26. Rxc4 bxc4 27. Rc1 Bd5
0-1

[Event "Russian Championship G13 1st league 201"]
[Site "Loo"]
[Date "2016.04.20"]
[Round "1.11"]
[White "Garafutdinova, Diana"]
[Black "Sidorova, Alyona"]
[Result "1-0"]
[WhiteElo "1530"]
[BlackElo "1375"]
[PlyCount "97"]
[EventDate "2016.04.20"]

1. e4 e5 2. Nf3 Nc6 3. Bb5 Nf6 4. O-O d6 5. c3 a6 6. Ba4 Bg4 7. h3 Bh5 8. d3
Be7 9. Be3 O-O 10. Nbd2 b5 11. Bb3 h6 12. Re1 d5 13. Nf1 dxe4 14. dxe4 Qxd1 15.
Raxd1 Nxe4 16. Bd5 Nf6 17. Bxc6 Rab8 18. Ng3 Bxf3 19. Bxf3 Rfe8 20. Nf5 a5 21.
Bc6 Red8 22. Nxe7+ Kf8 23. Bc5 g5 24. Ng6+ Kg7 25. Nxe5 Rxd1 26. Rxd1 b4 27.
cxb4 axb4 28. Bd4 Kh7 29. Nxf7 Ne8 30. Ba7 Rc8 31. Bb7 Kg7 32. Bxc8 Kxf7 33.
Rd7+ Ke6 34. Bc5 Kf6 35. Be7+ Ke6 36. Rxc7+ Kf7 37. Ra7 Ng7 38. Bxg5+ Kg6 39.
Be3 b3 40. axb3 h5 41. Rxg7+ Kxg7 42. b4 Kf7 43. b5 Ke7 44. b6 Kd8 45. b7 Kc7
46. Bf4+ Kb6 47. b8=Q+ Ka5 48. Bd2+ Ka4 49. Qb4# 1-0

[Event "Russian Championship G13 1st league 2016"]
[Site "Loo"]
[Date "2016.04.20"]
[Round "1.12"]
[White "Zarkova, Elizaveta"]
[Black "Abrarova, Rimma"]
[Result "1/2-1/2"]
[WhiteElo "1372"]
[BlackElo "1529"]
[PlyCount "80"]
[EventDate "2016.04.20"]

1. d4 Nf6 2. c4 e6 3. Nc3 d5 4. Nf3 Bb4 5. cxd5 exd5 6. Bg5 Nbd7 7. e3 c5 8. a3
Ba5 9. dxc5 Bxc3+ 10. bxc3 Qa5 11. Qb3 O-O 12. Bxf6 Nxf6 13. Be2 Qxc5 14. O-O
Ne4 15. Rac1 Qd6 16. Rfd1 Be6 17. Qxb7 Nc5 18. Qb4 Rab8 19. Qf4 Qe7 20. Qh4 Qe8
21. c4 dxc4 22. Bxc4 Bf5 23. Bxf7+ Qxf7 24. Rxc5 Kh8 25. Ng5 Qb3 26. Rdc1 Bg6
27. h3 Qxa3 28. Rc7 a5 29. Kh2 a4 30. Qd4 Rg8 31. Ne6 Rb4 32. Qd6 Qb2 33. Rxg7
Rbb8 34. Rxg8+ Rxg8 35. Qd4+ Qxd4 36. Nxd4 a3 37. Ra1 Ra8 38. Nb5 a2 39. Nc3
Bf7 40. Kg3 Kg7 1/2-1/2

[Event "Russian Championship G13 1st league 2016"]
[Site "Loo"]
[Date "2016.04.20"]
[Round "1.13"]
[White "Mikhailina, Elena"]
[Black "Dedushinskaya, Anna"]
[Result "0-1"]
[WhiteElo "1529"]
[BlackElo "1366"]
[PlyCount "76"]
[EventDate "2016.04.20"]

1. e4 c6 2. d4 d5 3. Nc3 e6 4. e5 c5 5. f4 Nh6 6. Nf3 Nc6 7. Ne2 Nf5 8. c3 Qb6
9. g3 cxd4 10. cxd4 Bb4+ 11. Kf2 O-O 12. Bh3 f6 13. Bxf5 exf5 14. Kg2 Bd7 15.
Be3 Rfe8 16. Nc3 Qa5 17. Qb3 Bxc3 18. bxc3 fxe5 19. fxe5 Re7 20. Ne1 Be6 21.
Nd3 Bf7 22. Rhf1 Qa6 23. Qc2 Qc4 24. Nb2 Qb5 25. Rab1 Qa6 26. Nd3 Bg6 27. Nf4
Na5 28. Nxg6 hxg6 29. Rf4 Nc4 30. Bc1 Rc7 31. g4 Rac8 32. Rb3 b5 33. gxf5 Na5
34. Rb1 Rxc3 35. Qd1 gxf5 36. Bb2 Rc2+ 37. Kh1 Qh6 38. Qg1 Qxf4 0-1

[Event "Russian Championship G13 1st league 2016"]
[Site "Loo"]
[Date "2016.04.20"]
[Round "1.14"]
[White "Bronnikova, Ekaterina"]
[Black "Andreeva, Anastasiia"]
[Result "0-1"]
[WhiteElo "1360"]
[BlackElo "1513"]
[PlyCount "106"]
[EventDate "2016.04.20"]

1. e4 e6 2. d4 d5 3. exd5 exd5 4. Bd3 Bd6 5. Qf3 Nf6 6. h3 h6 7. Ne2 O-O 8. O-O
c6 9. Nbc3 Be6 10. Nf4 Re8 11. Nxe6 Rxe6 12. Bd2 Nbd7 13. Rae1 Rxe1 14. Rxe1
Qb6 15. b3 Qxd4 16. Ne2 Qb6 17. Bf4 Bxf4 18. Nxf4 Qa5 19. Ra1 Ne5 20. Qe2 Nxd3
21. Qxd3 Re8 22. a4 Re1+ 23. Rxe1 Qxe1+ 24. Qf1 Qd2 25. Nd3 Qxc2 26. Nc5 Qxc5
27. Qe1 Ne4 28. Kf1 Qc3 29. Qxc3 Nxc3 30. Ke1 Kf8 31. Kd2 Ne4+ 32. Ke3 Ke7 33.
f3 Nc5 34. b4 Nxa4 35. Kd3 Kd6 36. Kc2 d4 37. Kb3 Nb6 38. Kc2 Kd5 39. Kd3 c5
40. bxc5 Kxc5 41. Kc2 a5 42. Kb2 a4 43. Ka2 Nc4 44. Kb1 d3 45. Kc1 d2+ 46. Kd1
a3 47. Kc2 a2 48. Kd1 a1=Q+ 49. Ke2 Qe1+ 50. Kd3 d1=R+ 51. Kc2 Qd2+ 52. Kb3
Qb2+ 53. Ka4 Qb4# 0-1

[Event "Russian Championship G13 1st league 2016"]
[Site "Loo"]
[Date "2016.04.20"]
[Round "1.15"]
[White "Ershova, Margarita"]
[Black "Ganzhina, Maria"]
[Result "1/2-1/2"]
[WhiteElo "1513"]
[BlackElo "1356"]
[PlyCount "119"]
[EventDate "2016.04.20"]

1. d4 d5 2. Nc3 e6 3. e4 dxe4 4. Nxe4 Nd7 5. Nf3 Ngf6 6. Bd3 b6 7. c3 Bb7 8.
Qc2 Rc8 9. Bf4 Be7 10. O-O O-O 11. Rad1 Nd5 12. Bc1 h6 13. Ne5 Nxe5 14. dxe5
Kh8 15. a3 Qe8 16. c4 c6 17. cxd5 cxd5 18. Qe2 dxe4 19. Bxe4 Bxe4 20. Qxe4 Qb5
21. Qb7 Bg5 22. Bxg5 hxg5 23. Rfe1 Qxb2 24. Qe7 Kg8 25. Ra1 Rc2 26. Qxg5 f6 27.
exf6 Rxf6 28. f3 Qd4+ 29. Qe3 Qxe3+ 30. Rxe3 Rg6 31. g3 Rh6 32. h4 Kf7 33. Rd1
Ke7 34. Red3 Rc7 35. a4 Rh8 36. a5 bxa5 37. Ra3 Rc5 38. Rda1 Rhh5 39. Kf2 Rhd5
40. Ke3 Kf6 41. g4 Re5+ 42. Kf4 g5+ 43. hxg5+ Rxg5 44. Kg3 Rgd5 45. f4 Kg6 46.
Rh1 Rd7 47. g5 Kf5 48. Rh6 Rf7 49. Re3 e5 50. Rxe5+ Rxe5 51. fxe5 Kxg5 52. Ra6
Re7 53. Rxa5 Kf5 54. Kf3 Rh7 55. Ke3 Rh3+ 56. Kd4 Rh7 57. Kd5 Rd7+ 58. Kc6 Re7
59. Kd6 Re6+ 60. Kd7 1/2-1/2

[Event "Russian Championship G13 1st league 2016"]
[Site "Loo"]
[Date "2016.04.20"]
[Round "1.16"]
[White "Lukianchenko, Alisa"]
[Black "Oreshkina, Natalia"]
[Result "1-0"]
[WhiteElo "1349"]
[BlackElo "1513"]
[PlyCount "35"]
[EventDate "2016.04.20"]

1. c4 e6 2. Nc3 d5 3. d4 Be7 4. Nf3 Nf6 5. Bf4 O-O 6. h3 Nbd7 7. e3 dxc4 8.
Bxc4 c5 9. dxc5 Nxc5 10. Qc2 a6 11. Ne5 Bd6 12. O-O-O Qc7 13. Rxd6 Qxd6 14. Ng6
Qc6 15. Ne7+ Kh8 16. Nxc6 bxc6 17. Bd6 Rd8 18. Bxc5 1-0

[Event "Russian Championship G13 1st league 2016"]
[Site "Loo"]
[Date "2016.04.20"]
[Round "1.17"]
[White "Kokueva, Alisa"]
[Black "Starostina, Alexandra"]
[Result "1/2-1/2"]
[WhiteElo "1512"]
[BlackElo "1345"]
[PlyCount "68"]
[EventDate "2016.04.20"]

1. e4 e5 2. Nf3 d6 3. d4 Nd7 4. Bc4 c6 5. dxe5 dxe5 6. O-O Be7 7. Ng5 Bxg5 8.
Qh5 Qf6 9. Bxg5 Qg6 10. Qxg6 hxg6 11. Rd1 f6 12. Bd2 Nb6 13. Bb3 Bd7 14. Nc3
Ke7 15. Be3 Nh6 16. Bc5+ Ke8 17. Rd2 Bc8 18. Rad1 Nf7 19. h3 Nd7 20. Ba3 Nb6
21. Ne2 a5 22. f4 a4 23. Bxf7+ Kxf7 24. fxe5 Nc4 25. Rd8 Rxd8 26. Rxd8 Nxa3 27.
bxa3 fxe5 28. Nc1 Ke7 29. Rg8 Kf7 30. Rd8 Ke7 31. Rg8 Kf7 32. Rd8 Ke7 33. Rg8
Kf7 34. Rd8 Ke7 1/2-1/2

[Event "Russian Championship G13 1st league 2016"]
[Site "Loo"]
[Date "2016.04.20"]
[Round "1.18"]
[White "Bychenok, Kseniya"]
[Black "Semenova, Dariya"]
[Result "0-1"]
[WhiteElo "1334"]
[BlackElo "1511"]
[PlyCount "66"]
[EventDate "2016.04.20"]

1. e4 e6 2. d4 d5 3. e5 c5 4. c3 Qb6 5. Be2 Nc6 6. Nf3 cxd4 7. cxd4 Nge7 8. Nc3
Nf5 9. Kf1 a6 10. g3 Ncxd4 11. Na4 Qa7 12. Nxd4 Qxd4 13. Qxd4 Nxd4 14. Be3 Nxe2
15. Kxe2 Bd7 16. Nb6 Bb5+ 17. Kf3 Rd8 18. Rhd1 Bc6 19. Ke2 f6 20. exf6 gxf6 21.
f4 e5 22. fxe5 fxe5 23. Rac1 d4 24. Bg5 Be7 25. Bxe7 Kxe7 26. Rc5 Kd6 27. Rdc1
Rhf8 28. Nc4+ Kxc5 29. Nxe5+ Kd5 30. Nd3 b6 31. Nf4+ Kd6 32. Kd3 Rfe8 33. Ne2
Bb5+ 0-1

[Event "Russian Championship G13 1st league 2016"]
[Site "Loo"]
[Date "2016.04.20"]
[Round "1.19"]
[White "Izbekova, Evdokia"]
[Black "Pavlosiuk, Vlada"]
[Result "1/2-1/2"]
[WhiteElo "1509"]
[BlackElo "1318"]
[PlyCount "81"]
[EventDate "2016.04.20"]

1. e4 e5 2. Nf3 Nc6 3. Bb5 Nf6 4. O-O Nxe4 5. Re1 Nd6 6. Bxc6 dxc6 7. Nxe5 Be7
8. Nc3 O-O 9. h3 f6 10. Nf3 Re8 11. d3 Bf5 12. Bf4 Kh8 13. Nh4 Bd7 14. Qf3 g5
15. Bxd6 cxd6 16. Nf5 Bxf5 17. Qxf5 Qc8 18. Re6 Kg8 19. Rae1 Rf8 20. g4 Bd8 21.
Ne4 d5 22. Nxf6+ Bxf6 23. Rxf6 Qxf5 24. Rxf5 Rxf5 25. gxf5 Kf7 26. Kg2 Re8 27.
Rxe8 Kxe8 28. Kg3 Kf7 29. d4 h5 30. f4 Kf6 31. fxg5+ Kxg5 32. h4+ Kxf5 33. Kf3
b6 34. b4 a6 35. a4 a5 36. bxa5 bxa5 37. c3 Kg6 38. Kf4 Kf6 39. Kg3 Kf5 40. Kf3
Kg6 41. Kf4 1/2-1/2

[Event "Russian Championship G13 1st league 2016"]
[Site "Loo"]
[Date "2016.04.20"]
[Round "1.20"]
[White "Lobanova, Milana"]
[Black "Abramova, Maria"]
[Result "0-1"]
[WhiteElo "1316"]
[BlackElo "1507"]
[PlyCount "118"]
[EventDate "2016.04.20"]

1. d4 d5 2. c4 e6 3. Nc3 c5 4. Nf3 Nc6 5. cxd5 exd5 6. g3 Nf6 7. Bg2 Bf5 8. O-O
Be7 9. Bg5 O-O 10. dxc5 d4 11. Nb5 Bxc5 12. Rc1 Bb6 13. Nh4 Bg6 14. Nxg6 hxg6
15. Bxc6 bxc6 16. Rxc6 Qd5 17. Rxb6 axb6 18. Nc7 Qxg5 19. Nxa8 Rxa8 20. Qxd4
Qc5 21. Qxc5 bxc5 22. a3 Rb8 23. Rc1 Rxb2 24. Rxc5 Ra2 25. Rc8+ Kh7 26. Ra8 Nd7
27. Ra7 Nc5 28. Ra5 Ne4 29. Ra7 Nc3 30. Rxf7 Rxa3 31. Rf3 Nxe2+ 32. Kg2 Rxf3
33. Kxf3 Nd4+ 34. Ke4 Nc6 35. f4 Kh6 36. g4 Nb4 37. Ke5 Nc6+ 38. Ke6 Nd4+ 39.
Ke5 Nf3+ 40. Ke4 Nxh2 41. g5+ Kh7 42. Ke3 Ng4+ 43. Kf3 Nf6 44. Ke3 Kg8 45. gxf6
gxf6 46. Ke4 Kf7 47. Kf3 Ke7 48. Kg4 Ke6 49. Kf3 Kf5 50. Kg3 Ke4 51. Kg4 f5+
52. Kg3 Ke3 53. Kh2 Kxf4 54. Kg2 g5 55. Kf2 g4 56. Kg2 Kg5 57. Kf2 f4 58. Kg2
f3+ 59. Kf1 Kf4 0-1

[Event "Russian Championship G13 1st league 2016"]
[Site "Loo"]
[Date "2016.04.20"]
[Round "1.21"]
[White "Batarova, Alina"]
[Black "Butko, Anna"]
[Result "1-0"]
[WhiteElo "1503"]
[BlackElo "1313"]
[PlyCount "89"]
[EventDate "2016.04.20"]

1. e4 e5 2. Nf3 Nc6 3. Bb5 d6 4. d4 exd4 5. Nxd4 Bd7 6. Nxc6 Bxc6 7. Bxc6+ bxc6
8. Nc3 Nf6 9. O-O Be7 10. Re1 O-O 11. Bf4 Re8 12. e5 dxe5 13. Qxd8 Raxd8 14.
Bxe5 Rc8 15. a3 Red8 16. Rad1 Rxd1 17. Rxd1 Bd8 18. f3 Be7 19. Kf1 Ne8 20. Ne4
Rd8 21. Rxd8 Bxd8 22. Bd4 a6 23. Nc5 Bf6 24. Bxf6 Nxf6 25. Nxa6 Nd5 26. Ke2 Kf8
27. Nb4 Nxb4 28. axb4 Ke7 29. Kd3 Kd6 30. Kd4 g6 31. h3 h5 32. h4 f6 33. f4 f5
34. g3 Ke6 35. Kc5 Kd7 36. c4 Kd8 37. Kxc6 Kc8 38. c5 Kd8 39. b5 Kc8 40. b6 Kb8
41. b7 Ka7 42. Kxc7 Ka6 43. b8=Q Ka5 44. Qb3 Ka6 45. Qb6# 1-0

[Event "Russian Championship G13 1st league 2016"]
[Site "Loo"]
[Date "2016.04.20"]
[Round "1.22"]
[White "Silchenko, Karina"]
[Black "Kombar, Mariya"]
[Result "1-0"]
[WhiteElo "1310"]
[BlackElo "1497"]
[PlyCount "89"]
[EventDate "2016.04.20"]

1. e4 c5 2. Nf3 d6 3. d4 cxd4 4. Nxd4 Nf6 5. Nc3 Nc6 6. Bb5 Bd7 7. Nxc6 bxc6 8.
Be2 g6 9. O-O Bg7 10. f4 O-O 11. f5 Qb6+ 12. Kh1 Rab8 13. Rb1 Bc8 14. Bg5 h6
15. Bd2 Nd7 16. Qc1 g5 17. Rf3 Bxc3 18. Bxc3 f6 19. Bc4+ Kg7 20. Rg3 Ne5 21.
Bxe5 dxe5 22. h4 Qf2 23. Kh2 Qf4 24. hxg5 hxg5 25. Qxf4 exf4 26. Ra3 Rb7 27. g3
fxg3+ 28. Rxg3 Rb4 29. Rc3 Rd8 30. a3 Rb6 31. Bb3 Rd2+ 32. Kg3 Re2 33. Kf3 Rh2
34. Kg3 Rh4 35. Re3 Rb5 36. Rbe1 Re5 37. Bc4 Bb7 38. b4 Kh6 39. R1e2 Kh5 40.
Bf7+ Kh6 41. Rh2 Rxh2 42. Kxh2 g4 43. Kg3 Kg5 44. Re1 Bc8 45. Rh1 1-0